Music Quiz

Random Music or Bands Quiz

Bass Playing Singers Quiz Stats

 Plays Quiz not verified by Sporcle

Score 0/12 Timer 03:00
0 Plays Today
% Correct
The Beatles
96%
KISS
93.9%
Paul McCartney
92.4%
Pink Floyd
90.5%
Sting
89.5%
The Police
88.5%
Gene Simmons
87%
Cream
75.2%
Roger Waters
70.9%
Rush
70%
Geddy Lee
63.9%
Jack Bruce
45.9%

You're not logged in!

Compare scores with friends on all Sporcle quizzes.
OR
Log In

You Might Also Like...

Show Comments

Extras

Top Quizzes Today


Score Distribution

Your Account Isn't Verified!

In order to create a playlist on Sporcle, you need to verify the email address you used during registration. Go to your Sporcle Settings to finish the process.

Report this User

Report this user for behavior that violates our Community Guidelines.

Details: